[Event "Mitropa Online Cup Women 2021"]
[Site "Hybrid"]
[Date "2021.05.04"]
[Round "3.3"]
[White "Petrova, Kristyna"]
[Black "Zimina, Olga"]
[Result "0-1"]
[WhiteElo "2303"]
[BlackElo "2354"]
[Annotator "RC"]
[PlyCount "142"]
[EventDate "2021.05.04"]
[EventType "team-tourn"]
[EventCountry "NET"]
[SourceTitle "playchess.com"]
[Source "ChessBase"]
[SourceQuality "1"]
[WhiteTeam "Czech Republic"]
[BlackTeam "Italy"]
[WhiteTeamCountry "CZE"]
[BlackTeamCountry "ITA"]
[TimeControl "40/5400+30:1800+30"]

1. d4 {[%emt 0:00:00]} Nf6 {[%emt 0:01:54]} 2. c4 {[%emt 0:00:15]} e6 {[%emt 0:00:24]} 3. Nc3 {[%emt 0:00:11]} Bb4 {[%emt 0:01:06]} 4. f3 {[%emt 0:01:30]} c5 {[%emt 0:02:17]} 5. a3 {[%emt 0:06:23]} Ba5 {[%emt 0:00:51]} 6. dxc5 {[%emt 0:37:36]} Bxc3+ {[%emt 0:02:40]} 7. bxc3 {[%emt 0:00:06]} Qa5 {[%emt 0:08:43]} 8. Qb3 {[%emt 0:11:58]} Na6 {[%emt 0:06:56]} 9. Be3 {[%emt 0:00:18]} O-O {[%emt 0:04:08]} 10. Nh3 {[%emt 0:01:21]} d6 {[%emt 0:15:00]} 11. cxd6 {[%emt 0:01:37]} Bd7 {[%emt 0:03:21]} 12. a4 {[%emt 0:03:00]} Rfc8 {[%emt 0:02:50]} 13. Ra3 {[%emt 0:05:28]} b6 {[%emt 0:11:39]} 14. Nf2 {[%emt 0:18:57]} Ne8 {[%emt 0:05:48]} 15. Ne4 {[%emt 0:03:21]} f5 {[%emt 0:01:42]} 16. Nd2 {[%emt 0:00:04]} Nxd6 {[%emt 0:00:53]} 17. g3 {[%emt 0:00:10]} Be8 {[%emt 0:08:53]} 18. f4 {[%emt 0:03:28]} Bc6 {[%emt 0:17:04]} 19. Rg1 {[%emt 0:00:03]} Ne4 {[%emt 0:00:05]} 20. Nxe4 {[%emt 0:00:23]} Bxe4 {[%emt 0:00:07]} 21. Bg2 {[%emt 0:01:38]} Bxg2 {[%emt 0:00:44]} 22. Rxg2 {[%emt 0:00:02]} Rc6 {[%emt 0:00:33]} 23. Qb5 {[%emt 0:00:47]} Rac8 {[%emt 0:00:05]} 24. Qxa5 {[%emt 0:00:06]} bxa5 {[%emt 0:00:04]} 25. Bxa7 {[%emt 0:00:26]} Rxc4 {[%emt 0:00:59]} 26. Bb6 {[%emt 0:01:26]} Rxc3 {[%emt 0:00:05]} 27. Rxc3 {[%emt 0:00:09]} Rxc3 {[%emt 0:00:03]} 28. Bxa5 {[%emt 0:00:02]} Ra3 {[%emt 0:00:23]} 29. g4 {[%emt 0:01:52]} Rxa4 {[%emt 0:00:24]} 30. Bc3 {[%emt 0:00:04]} g6 {[%emt 0:02:29]} 31. gxf5 {[%emt 0:00:23]} exf5 {[%emt 0:00:06]} 32. Be5 {[%emt 0:00:03]} Nc5 {[%emt 0:00:15]} 33. Rg3 {[%emt 0:00:18]} Kf7 {[%emt 0:02:43]} 34. Kf1 {[%emt 0:01:39]} Nd7 {[%emt 0:00:27]} 35. Bd6 {[%emt 0:01:39]} Ke6 {[%emt 0:01:09]} 36. Rd3 {[%emt 0:00:10]} Nf6 {[%emt 0:00:14]} 37. Bb8 {[%emt 0:00:47]} Rb4 {[%emt 0:00:22]} 38. Bd6 {[%emt 0:00:17]} Ra4 {[%emt 0:00:54]} 39. Bb8 {[%emt 0:00:16]} Nd5 {[%emt 0:00:24]} 40. Rh3 {[%emt 0:00:00]} Rb4 {[%emt 0:00:00]} 41. Be5 {[%emt 0:02:52]} Nxf4 {[%emt 0:02:53]} 42. Bxf4 {[%emt 0:00:40]} Rxf4+ {[%emt 0:00:12]} 43. Kg2 {[%emt 0:01:26]} Rg4+ {[%emt 0:02:50]} 44. Kf2 {[%emt 0:00:53]} h5 {[%emt 0:00:28]} 45. Ra3 {[%emt 0:01:21]} Kf6 {[%emt 0:00:36]} 46. Ra6+ {[%emt 0:13:03]} Kg5 {[%emt 0:00:12]} 47. h3 {[%emt 0:01:24]} Rb4 {[%emt 0:03:19]} 48. Kg2 {[%emt 0:04:49]} h4 {[%emt 0:02:43]} 49. Ra3 {[%emt 0:01:11]} Kf4 {[%emt 0:00:46]} 50. Kf2 {[%emt 0:01:44]} g5 {[%emt 0:03:21]} 51. Rf3+ {[%emt 0:00:37]} Ke5 {[%emt 0:02:51]} 52. Re3+ {[%emt 0:00:20]} Re4 {[%emt 0:01:50]} 53. Ra3 {[%emt 0:00:36]} Rf4+ {[%emt 0:03:50]} 54. Kg2 {[%emt 0:04:05]} Rc4 {[%emt 0:00:13]} 55. Kf2 {[%emt 0:01:17]} g4 {[%emt 0:01:50]} 56. hxg4 {[%emt 0:00:56]} fxg4 {[%emt 0:00:09]} 57. Ra8 {[%emt 0:00:07]} Rf4+ {[%emt 0:03:26]} 58. Kg1 {[%emt 0:02:23]} Re4 {[%emt 0:01:59]} 59. Rh8 {[%emt 0:00:44]} g3 {[%emt 0:00:25]} 60. e3 {[%emt 0:00:32]} Ra4 {[%emt 0:01:06]} 61. Rh5+ {[%emt 0:00:18]} Kf6 {[%emt 0:00:23]} 62. Rh8 {[%emt 0:00:25]} Kf5 {[%emt 0:00:35]} 63. Rg8 {[%emt 0:00:38]} Ra1+ {[%emt 0:00:39]} 64. Kg2 {[%emt 0:00:03]} Ra2+ {[%emt 0:00:11]} 65. Kg1 {[%emt 0:00:03]} Re2 {[%emt 0:00:27]} 66. Rg7 {[%emt 0:01:29]} Rxe3 {[%emt 0:00:24]} 67. Kg2 {[%emt 0:00:07]} Re2+ {[%emt 0:00:10]} 68. Kg1 {[%emt 0:00:32]} Kf4 {[%emt 0:00:12]} 69. Rf7+ {[%emt 0:00:56]} Kg4 {[%emt 0:00:08]} 70. Ra7 {[%emt 0:00:18]} Re1+ {[%emt 0:00:08]} 71. Kg2 {[%emt 0:00:02]} h3# {[%emt 0:00:03]} 0-1

[Event "Mitropa Online Cup Women 2021"]
[Site "Hybrid"]
[Date "2021.05.04"]
[Round "3.3"]
[White "Sedina, Elena"]
[Black "Worek, Joanna"]
[Result "1/2-1/2"]
[WhiteElo "2291"]
[BlackElo "2322"]
[Annotator "TA"]
[PlyCount "71"]
[EventDate "2021.05.04"]
[EventType "team-tourn"]
[EventCountry "NET"]
[SourceTitle "playchess.com"]
[Source "ChessBase"]
[SourceQuality "1"]
[WhiteTeam "Italy"]
[BlackTeam "Czech Republic"]
[WhiteTeamCountry "ITA"]
[BlackTeamCountry "CZE"]

{[%evp 10,71,16,11,11,12,18,19,22,22,23,14,24,0,0,-18,16,16,33,30,36,22,66,14,29,0,0,0,0,0,0,0,0,0,40,36,37,26,36,36,29,27,33,33,42,35,109,0,29,-93,-90,-96,-98,-89,49,61,51,66,60,0,56,0,68,0]} 1. e4 e5 2. Nf3 Nc6 3. Bc4 Bc5 4. O-O Nf6 5. d3 d6 6. c3 a5 {6...h6 is becoming the main line. C54: Giuoco Piano: 4 c3 Nf6, main lines with 5 d4 and 5 d3.} 7. Re1 O-O 8. h3 Ba7 {The position is equal.} 9. Nbd2 Be6 10. Bb5 Ne7 11. Nf1 Ng6 12. Ng3 h6 13. d4 c6 14. Bd3 Re8 15. Be3 {[#]} Nh7 $146 ({Predecessor:} 15... Qc7 16. Qd2 Rad8 17. b3 Bb8 18. Rad1 d5 19. exd5 Bxd5 20. Nxe5 Nxe5 21. dxe5 Rxe5 {1-0 (45) Arjun,K (2678)-Sanal,V (2809) Chess.com INT 2020}) 16. Nh5 (16. Qd2 $14) 16... Ng5 17. Nh2 (17. a4 {keeps more tension.} Bb6 18. Bc2 Rb8 19. Rc1 Ra8 20. Rb1) 17... d5 18. exd5 Bxd5 19. dxe5 Bxe3 (19... Nxe5 $2 20. Bxa7 Bxg2 21. Kxg2 $18) 20. Rxe3 Rxe5 21. Ng4 Nf3+ 22. Rxf3 Bxf3 {[#]} 23. Nhf6+ $1 gxf6 24. Qxf3 Rg5 {White must now prevent ...Rxg4!} 25. Rd1 $1 Qe7 26. Nxh6+ (26. Nxf6+ Kg7 $15) 26... Kf8 {Hoping for ...Nh4.} 27. Nf5 Qc5 ({Better is} 27... Qe6 $14 28. h4 Ne5) 28. Be4 (28. h4 $16 Ne5 29. Qh3) 28... Re8 {...Rxe4! is the strong threat.} (28... Ne5 $5 {[%cal Re5f3]} 29. Qe2 Ng6 $14) 29. Nd6 (29. h4 $11 {remains equal.} Rxf5 30. Qxf5 (30. Bxf5 Nxh4 {[%mdl 64] Double Attack} 31. Qh5 Nxf5 $11) 30... Qxf5 31. Bxf5) 29... Re6 $17 30. Nxb7 {[#]} Qe7 31. Bxg6 ({But not} 31. Bxc6 $2 Ne5 $19) 31... Qxb7 ({Black should play} 31... fxg6 $17 32. Nd8 Re1+ 33. Rxe1 Qxe1+ 34. Kh2 Qe5+ 35. Kg1 Qd5 36. Qxd5 (36. Qxf6+ $2 Ke8 $19) 36... Rxd5 37. Nxc6 Rd1+ 38. Kh2 Rd2) 32. Bf5 $36 {[%mdl 2048] White is more active.} Re5 33. Be4 Re6 34. Bf5 Re5 35. Be4 Re6 36. Bf5 {Weighted Error Value: White=0.18/Black=0.16} (36. b3 $14) 1/2-1/2

[Event "Mitropa Online Cup Women 2021"]
[Site "Hybrid"]
[Date "2021.05.04"]
[Round "3.3"]
[White "Richterova, Natasa"]
[Black "Gueci, Tea"]
[Result "1-0"]
[WhiteElo "2188"]
[BlackElo "2204"]
[Annotator "RC"]
[PlyCount "111"]
[EventDate "2021.05.04"]
[EventType "team-tourn"]
[EventCountry "NET"]
[SourceTitle "playchess.com"]
[Source "ChessBase"]
[SourceQuality "1"]
[WhiteTeam "Czech Republic"]
[BlackTeam "Italy"]
[WhiteTeamCountry "CZE"]
[BlackTeamCountry "ITA"]
[TimeControl "40/5400+30:1800+30"]

1. d4 {[%emt 0:00:00]} d5 {[%emt 0:00:07]} 2. c4 {[%emt 0:00:10]} e6 {[%emt 0:00:03]} 3. Nc3 {[%emt 0:00:08]} Nf6 {[%emt 0:00:29]} 4. cxd5 {[%emt 0:00:29]} exd5 {[%emt 0:00:07]} 5. Bg5 {[%emt 0:00:13]} Be7 {[%emt 0:01:02]} 6. e3 {[%emt 0:00:33]} c6 {[%emt 0:00:49]} 7. Bd3 {[%emt 0:00:10]} Nbd7 {[%emt 0:00:47]} 8. Nf3 {[%emt 0:01:00]} O-O {[%emt 0:01:18]} 9. O-O {[%emt 0:00:25]} Re8 {[%emt 0:03:02]} 10. Qc2 {[%emt 0:00:57]} g6 {[%emt 0:02:19]} 11. Rab1 {[%emt 0:05:00]} a5 {[%emt 0:03:14]} 12. a3 {[%emt 0:00:18]} Nb6 {[%emt 0:06:08]} 13. Ne5 {[%emt 0:29:46]} Nfd7 {[%emt 0:09:43]} 14. Bxe7 {[%emt 0:01:40]} Qxe7 {[%emt 0:03:15]} 15. Nf3 {[%emt 0:12:20]} Nf6 {[%emt 0:07:53]} 16. Qb3 {[%emt 0:06:18]} Nbd7 {[%emt 0:04:50]} 17. Rbc1 {[%emt 0:05:21]} b5 {[%emt 0:14:07]} 18. Ne2 {[%emt 0:05:05]} Qd6 {[%emt 0:04:39]} 19. Qc2 {[%emt 0:01:07]} Bb7 {[%emt 0:01:42]} 20. Nf4 {[%emt 0:01:07]} Rac8 {[%emt 0:08:29]} 21. Qb1 {[%emt 0:02:50]} Nb6 {[%emt 0:02:10]} 22. h4 {[%emt 0:02:28]} Ne4 {[%emt 0:04:35]} 23. Rfe1 {[%emt 0:09:04]} Nc4 {[%emt 0:02:40]} 24. Qc2 {[%emt 0:07:01]} c5 {[%emt 0:03:26]} 25. dxc5 {[%emt 0:02:27]} Rxc5 {[%emt 0:00:44]} 26. Qe2 {[%emt 0:04:16]} Rec8 {[%emt 0:01:39]} 27. Red1 {[%emt 0:01:20]} Qf6 {[%emt 0:01:13]} 28. Nd4 {[%emt 0:01:02]} Qxh4 {[%emt 0:04:12]} 29. b4 {[%emt 0:00:11]} axb4 {[%emt 0:05:30]} 30. axb4 {[%emt 0:00:06]} R5c7 {[%emt 0:00:19]} 31. Nxb5 {[%emt 0:00:03]} Re7 {[%emt 0:01:44]} 32. Nd4 {[%emt 0:02:11]} Ned6 {[%emt 0:02:49]} 33. Nf3 {[%emt 0:00:30]} Qf6 {[%emt 0:00:18]} 34. Qf1 {[%emt 0:00:44]} Rec7 {[%emt 0:00:37]} 35. Be2 {[%emt 0:00:17]} Nb6 {[%emt 0:00:51]} 36. Rxc7 {[%emt 0:00:04]} Rxc7 {[%emt 0:00:01]} 37. Ba6 {[%emt 0:01:00]} Ba8 {[%emt 0:00:29]} 38. Be2 {[%emt 0:00:23]} Qb2 {[%emt 0:00:34]} 39. Rb1 {[%emt 0:00:10]} Qf6 {[%emt 0:00:50]} 40. Nd4 {[%emt 0:00:00]} Ne4 {[%emt 0:00:00]} 41. Ra1 {[%emt 0:03:53]} Qd8 {[%emt 0:13:02]} 42. Bf3 {[%emt 0:08:25]} Rc4 {[%emt 0:04:23]} 43. b5 {[%emt 0:08:27]} Bb7 {[%emt 0:04:06]} 44. Nd3 {[%emt 0:03:07]} Qc7 {[%emt 0:04:17]} 45. Qd1 {[%emt 0:06:08]} h5 {[%emt 0:02:35]} 46. Nf4 {[%emt 0:02:12]} h4 {[%emt 0:02:09]} 47. Bxe4 {[%emt 0:01:43]} dxe4 {[%emt 0:00:04]} 48. Qg4 {[%emt 0:00:37]} Nd5 {[%emt 0:03:25]} 49. Nxd5 {[%emt 0:00:52]} Bxd5 {[%emt 0:00:06]} 50. Qxh4 {[%emt 0:00:36]} Rb4 {[%emt 0:01:20]} 51. Qg5 {[%emt 0:00:10]} Bb7 {[%emt 0:00:39]} 52. g3 {[%emt 0:00:37]} Qc3 {[%emt 0:00:25]} 53. Qd8+ {[%emt 0:00:42]} Kg7 {[%emt 0:00:06]} 54. Rf1 {[%emt 0:00:03]} Rb2 {[%emt 0:00:32]} 55. Qe7 {[%emt 0:00:10]} Bd5 {[%emt 0:00:13]} 56. Qe5+ {[%emt 0:00:05]} 1-0

[Event "Mitropa Online Cup Women 2021"]
[Site "Hybrid"]
[Date "2021.05.04"]
[Round "3.4"]
[White "Guichard, Pauline"]
[Black "Movsesian, Julia"]
[Result "0-1"]
[WhiteElo "2415"]
[BlackElo "2342"]
[Annotator "TA"]
[PlyCount "102"]
[EventDate "2021.05.04"]
[EventType "team-tourn"]
[EventCountry "NET"]
[SourceTitle "playchess.com"]
[Source "ChessBase"]
[SourceQuality "1"]
[WhiteTeam "France"]
[BlackTeam "Slovakia"]
[WhiteTeamCountry "FRA"]
[BlackTeamCountry "SVK"]

{[%evp 17,102,20,20,20,24,23,23,21,28,22,25,18,33,33,45,13,18,13,9,7,21,16,30,11,37,44,30,30,35,31,68,13,48,48,53,38,48,39,46,44,39,10,44,6,31,32,31,31,25,19,24,0,7,7,36,8,9,0,0,0,28,0,26,0,0,0,0,0,0,0,0,0,0,-213,-201,-220,-198,-291,-272,-1285,-1283,-1250,-1168,-29980,-29981,-29997,-261]} 1. d4 Nf6 2. Nf3 e6 3. Bf4 d5 4. e3 c5 5. Nbd2 Nc6 6. c3 Bd6 7. Bg3 O-O 8. Bd3 Qe7 9. Ne5 Nd7 10. Nxd7 {The main line 10.Nxd7 scores better than 10.f4. D02: 1 d4 d5 2 Nf3 sidelines, including 2...Nf6 3 g3 and 2...Nf6 3 Bf4.} Qxd7 11. dxc5 Bxc5 12. O-O {White has an edge.} Bd6 13. Nf3 Bxg3 14. hxg3 {[#]} e5 $146 {[#] aiming for ...e4.} ({Predecessor:} 14... b6 15. e4 Bb7 16. e5 f5 17. Re1 Qe7 18. Qd2 Rac8 19. Qg5 Qf7 20. Qh4 Rc7 {½-½ (114) Lizak,P (2463)-Szabo,G (2534) Hungary 2020}) 15. e4 {exd5 is the strong threat.} Rd8 16. Qb3 d4 17. Rad1 Qe7 18. cxd4 exd4 19. Bb5 Bg4 20. Bxc6 Bxf3 21. gxf3 bxc6 22. Qc4 c5 23. Rc1 Qf6 24. f4 (24. Kg2 $14) 24... Qb6 25. b3 Qa5 26. Rc2 Rac8 27. Rd1 h6 28. e5 Qb6 29. Qd3 Rd5 30. Rc4 Rcd8 31. Ra4 a5 32. Re1 Re8 33. Qd2 Ra8 34. Rc1 Qd8 35. Rac4 Rc8 36. Qd3 Qb6 37. Qe4 Rcd8 38. Qd3 Rc8 39. Rd1 Rcd8 40. Qe4 d3 41. Rd2 Rd4 42. Rxd4 Rxd4 $11 {[%mdl 4096] Endgame KQR-KQR} 43. Qe3 Qd8 44. f5 Qd5 45. e6 $2 {[#]} (45. f4 $1 $11 {and White stays safe.}) 45... Kf8 $1 $19 46. exf7 Kxf7 47. f6 (47. f4 $142) 47... Kxf6 48. Qe8 $2 (48. f4) 48... Re4 49. Qf8+ Kg6 {( -> ...Re1+)} 50. Kh2 Re1 {[%csl Gd5][%cal Re1h1]} 51. f3 Qh5+ {Weighted Error Value: White=0.46/Black=0.06} 0-1

[Event "Mitropa Online Cup Women 2021"]
[Site "Hybrid"]
[Date "2021.05.04"]
[Round "3.4"]
[White "Monpeurt, Cyrielle"]
[Black "Ferkova, Dominika"]
[Result "1-0"]
[WhiteElo "2166"]
[BlackElo "2006"]
[Annotator "TA"]
[PlyCount "33"]
[EventDate "2021.05.04"]
[EventType "team-tourn"]
[EventCountry "NET"]
[SourceTitle "playchess.com"]
[Source "ChessBase"]
[SourceQuality "1"]
[WhiteTeam "France"]
[BlackTeam "Slovakia"]
[WhiteTeamCountry "FRA"]
[BlackTeamCountry "SVK"]

{[%evp 14,33,78,64,74,0,0,0,0,0,5,-12,632,608,544,506,1291,1291,1257,1259,29997,-917]} 1. e4 c6 2. d4 d5 3. f3 dxe4 4. fxe4 e5 5. Nf3 exd4 6. Bc4 Nf6 7. O-O Be7 {[#]} 8. Ng5 $1 ({Don't play} 8. Qxd4 $6 O-O $11) ({Much weaker is} 8. Nxd4 Nbd7 $15) 8... O-O {[#] B12: Caro-Kann: Advance Variation.} 9. e5 (9. Nxf7 $1 $16 Rxf7 10. Bxf7+ Kxf7 11. e5 {[%mdl 64] Pin}) 9... Nd5 $11 10. Qh5 {[%csl Gg5][%cal Rh5h7][%mdl 64] Double Attack} Bxg5 {The position is equal.} 11. Bxg5 $40 {[%mdl 128] White is up to no good.} Qd7 12. Bd3 {[%csl Gd3][%cal Rh5h7] [#]} g6 $146 {[%mdl 8192] Loses the game.} (12... h6 $11) ({Predecessor:} 12... f5 13. exf6 Nxf6 14. Qh4 Qf7 15. Bxf6 gxf6 16. Rxf6 Qe7 17. Bc4+ Kh8 18. Rxf8+ {1-0 (18) Lindberg,B (2131)-Celander,J (2090) Stockholm 2000}) 13. Qh6 $18 Qe6 14. c4 ({And not} 14. Bf6 Nxf6 15. exf6 Qe3+ 16. Qxe3 dxe3 $11) 14... Nc7 (14... Qxe5 $142 15. cxd5 cxd5) 15. Bf6 {[%csl Gf6][%cal Rh6g7]} Ne8 16. Rf4 {Threatening mate with Qxh7+!} Nd7 {[#]} 17. Qxh7+ $3 {[%mdl 33344] Back Rank.  Weighted Error Value: White=0.27/Black=1.68. Loss on time!?} 1-0

[Event "Mitropa Online Cup Women 2021"]
[Site "Hybrid"]
[Date "2021.05.04"]
[Round "3.4"]
[White "Sankova, Stella"]
[Black "Navrotescu, Andreea-Cristiana"]
[Result "1-0"]
[WhiteElo "2087"]
[BlackElo "2247"]
[Annotator "TA"]
[PlyCount "59"]
[EventDate "2021.05.04"]
[EventType "team-tourn"]
[EventCountry "NET"]
[SourceTitle "playchess.com"]
[Source "ChessBase"]
[SourceQuality "1"]
[WhiteTeam "Slovakia"]
[BlackTeam "France"]
[WhiteTeamCountry "SVK"]
[BlackTeamCountry "FRA"]

{[%evp 9,59,7,-1,-16,-17,-34,-33,-41,-38,-27,-25,-48,-47,-55,-53,-41,-7,-7,-4,-7,0,-15,-13,-17,87,81,133,117,395,377,431,178,309,309,309,309,308,308,302,296,290,226,227,218,316,313,711,675,925,885,862,847]} 1. e4 c5 2. Nf3 e6 3. g3 Nc6 4. Bg2 Nf6 5. Qe2 Be7 6. O-O {C00: French: Unusual White 2nd moves.} d5 7. e5 {7.exd5 gains popularity.} Nd7 8. c3 {Black is slightly better.} c4 9. b3 b5 {[#]} 10. a4 $146 ({Predecessor:} 10. Ba3 O-O 11. Re1 Rb8 12. Bxe7 Qxe7 13. d4 cxd3 14. Qxd3 b4 15. Nbd2 bxc3 16. Qxc3 {0-1 (44) Petrosyan,T (2423)-Areshchenko,A (2656) Yerevan 2015}) 10... Nc5 $1 {[%cal Rc5b3]} ({Much worse is} 10... cxb3 $6 11. axb5 Na5 12. Ba3 $11) 11. axb5 Nxb3 12. Ra2 Nxc1 13. Rxc1 Na5 14. d3 Bd7 15. Nd4 cxd3 16. Qxd3 Nc4 {[#]} (16... Rc8 $11) 17. Nd2 $1 $16 {[%cal Rd2c4]} Nxd2 (17... Nxe5 $142 18. Qe2 Ng6) 18. Qxd2 {Black must now prevent c4.} Qc7 {[%mdl 8192] [#] A mistake that costs the game.} (18... Bg5 $16 {might work better.} 19. f4 Be7) 19. c4 $1 $18 {[%cal Rc4d5]} Rc8 20. c5 (20. Nc6 $142 Bxc6 21. cxd5 {[%mdl 64] Pin} (21. bxc6 Qxc6 22. Rcc2 Qb7 $16) 21... Qxe5 22. dxc6) 20... O-O (20... Bxc5 $142 21. Rac2 Qb6) 21. c6 Be8 22. Qa5 Qxe5 23. Qxa7 Bf6 24. Nf3 Qd6 25. Qc5 Qxc5 26. Rxc5 Be7 (26... Bxc6 {is a better defense.} 27. bxc6 Rc7) 27. Rc1 f6 $2 (27... h5 28. Bf1 Bd6) 28. Nd4 {White is clearly winning.} Bf7 29. b6 {[%cal Bb5b6,Bb6b7][%mdl 32]} Bd6 30. b7 {Weighted Error Value: White=0.15/Black=0.49} 1-0

[Event "Mitropa Online Cup Women 2021"]
[Site "Hybrid"]
[Date "2021.05.04"]
[Round "3.4"]
[White "Taragelova, Martina"]
[Black "Afraoui, Anaelle"]
[Result "1/2-1/2"]
[WhiteElo "2010"]
[BlackElo "2106"]
[Annotator "TA"]
[PlyCount "111"]
[EventDate "2021.05.04"]
[EventType "team-tourn"]
[EventCountry "NET"]
[SourceTitle "playchess.com"]
[Source "ChessBase"]
[SourceQuality "1"]
[WhiteTeam "Slovakia"]
[BlackTeam "France"]
[WhiteTeamCountry "SVK"]
[BlackTeamCountry "FRA"]

{[%evp 18,111,52,13,21,19,32,30,40,43,50,51,64,0,0,0,5,-50,-51,-57,-60,-56,-54,-76,-104,-92,-71,-72,-52,-66,-48,-66,-45,-96,-87,-89,-85,-89,-89,-80,-83,-86,-61,-57,-26,-102,-105,-100,-63,-104,-100,-108,-113,-146,-95,-108,-60,-60,-52,-52,-20,-60,-60,-60,-8,-52,-52,-76,-60,-76,-76,-76,-21,-21,-14,-45,-14,-21,-21,-21,-8,-8,-8,-8,-8,-8,-8,-8,-8,-8,-8,-8,-8,-8,-8,-8]} 1. e4 c5 2. Nf3 Nc6 3. d4 cxd4 4. Nxd4 Nf6 5. Nc3 d6 6. Bg5 e6 7. Qd2 a6 8. O-O-O Bd7 $1 {8...Bd7 is better than 8...h6.} 9. f4 b5 10. a3 Rb8 {B67: Sicilian: Richter-Rauzer: 7...a6 8 0-0-0 Bd7, lines without 9 f4 Be7.} 11. Be2 Be7 {[#]} 12. Bf3 $146 ({Predecessor:} 12. Rhe1 Qa5 13. Nb3 Qc7 14. Bf3 h6 15. Bxf6 gxf6 16. Nd5 exd5 17. exd5 Ne5 18. fxe5 fxe5 19. Kb1 Bg5 20. Qa5 Qxa5 21. Nxa5 f5 22. c4 bxc4 23. Nxc4 Ke7 24. Re2 h5 25. Rc2 Ba4 {0-1 (25) Svorono,G (2081)-Agdestein,S (2574) Stockholm 2018}) 12... b4 {White has an edge.} 13. Nxc6 Bxc6 14. axb4 Qb6 15. Qd4 ({Better is} 15. e5 $1 $14 Bxf3 16. gxf3) 15... Qxb4 $11 16. Qxb4 (16. Bxf6 {is more complex.} gxf6 17. b3 a5 18. Rhe1 Rg8 19. Re3) 16... Rxb4 17. e5 (17. Bxf6 $11 gxf6 18. Rhe1) 17... Bxf3 $15 18. gxf3 dxe5 19. fxe5 Nd7 20. Bxe7 Kxe7 21. Rhe1 Rhb8 22. Rd6 Rxb2 23. Rxa6 R2b7 24. f4 Rc7 25. Ra3 (25. Ne4 $15) 25... Rbc8 $17 26. Re3 Rc4 27. Rf3 g6 28. Kd2 Nb6 29. Rb3 R4c6 30. Rd3 Kf8 (30... g5 $5 31. fxg5 Nc4+ 32. Kd1 Nxe5 $15) 31. Rd4 (31. Kd1 $11) 31... Nd5 32. Nxd5 {[#] Strongly threatening Ne3.} Rxc2+ ({Much weaker is} 32... exd5 $6 33. c3 $11) 33. Kd3 exd5 34. Rxd5 Rxh2 {[%mdl 4096] Endgame And now ...Rh3+ would win. KRR-KRR} 35. Ke4 Rc4+ (35... Rh1 $142 36. Rd7 Rc4+ 37. Rd4 Re1+ 38. Kd3 Rcc1) 36. Rd4 Rxd4+ (36... Rc7 {looks sharper.} 37. Rbd3 Rc1 38. Rd8+ Kg7 39. R8d7 Rf1) 37. Kxd4 {KR-KR} Rd2+ 38. Ke3 Rd7 (38... Ra2 {is interesting.} 39. Rb8+ Kg7 40. Rb7 Ra3+ 41. Kf2 Ra4) 39. Ke4 Ra7 40. Rb4 Ke7 (40... Kg7 $15) 41. Rd4 Ra1 42. Kf3 h5 43. Kg3 Ra3+ 44. Kg2 h4 (44... Ra2+ $17 45. Kg3 Ra3+ 46. Kg2 h4) 45. Rd6 $11 Kf8 46. Rc6 Kg7 47. Rc7 {The position is equal.} h3+ 48. Kh2 Rf3 49. e6 Kf6 50. exf7 Kg7 51. Rb7 $1 Rxf4 52. Kxh3 Rf3+ 53. Kg4 Rxf7 54. Rxf7+ Kxf7 55. Kg5 Kg7 56. Kg4 {Weighted Error Value: White=0.15/Black=0.12} 1/2-1/2

[Event "Mitropa Online Cup Women 2021"]
[Site "Hybrid"]
[Date "2021.05.04"]
[Round "3.5"]
[White "Juhasz, Barbara"]
[Black "Trippold, Denise"]
[Result "1-0"]
[WhiteElo "2211"]
[BlackElo "2145"]
[Annotator "TA"]
[PlyCount "57"]
[EventDate "2021.05.04"]
[EventType "team-tourn"]
[EventCountry "NET"]
[SourceTitle "playchess.com"]
[Source "ChessBase"]
[SourceQuality "1"]
[WhiteTeam "Hungary"]
[BlackTeam "Austria"]
[WhiteTeamCountry "HUN"]
[BlackTeamCountry "AUT"]

{[%evp 10,57,-10,-7,0,0,0,0,0,0,0,0,0,-27,58,36,111,112,154,131,209,204,318,334,430,421,419,408,454,463,460,455,390,227,242,195,369,268,268,180,250,242,297,287,627,627,739,707,1861,861]} 1. e4 e6 2. d4 d5 3. Bd3 dxe4 4. Bxe4 Nf6 5. Bf3 c5 6. Ne2 Nc6 {[%cal Rc5d4] C01: French: Exchange Variation.} 7. Be3 cxd4 8. Nxd4 Ne5 {The position is equal.} 9. Nc3 a6 10. Qe2 Nxf3+ 11. gxf3 Bb4 ({Better is} 11... Nd5 $11) 12. O-O-O $1 $14 {Strongly threatening Nc6!} Qa5 {White now steadily converts the win.} ({Black should play} 12... Qe7 $1 $14) 13. Nb3 $16 {[#]} Qc7 $146 ({Predecessor:} 13... Qh5 14. Rdg1 Bxc3 15. bxc3 O-O 16. Rg5 Qh6 17. Rhg1 g6 18. Rxg6+ Qxg6 19. Rxg6+ fxg6 {1-0 (31) Vegh,E (2223)-Lyell,M (2175) Budapest 2021}) 14. Bd4 {[%cal Rd4f6] aiming for Bxf6.} Be7 (14... O-O $16) 15. Be5 $18 Qc6 (15... Qb6 {is a better defense.} 16. Rhg1 Kf8) 16. Rhg1 Rg8 17. Na5 Qc5 18. Nc4 b5 19. Nd6+ Kf8 20. f4 Qc6 21. a3 (21. Bxf6 $142 Bxd6 22. Qg4 $1) 21... Bb7 22. Rg3 $40 {[%mdl 128] White goes for the king.} Ne8 $2 (22... Rb8 23. Ndxb5 Rd8) 23. Nxb7 Qxb7 24. Rgd3 f6 (24... Nf6 $142 25. Bxf6 Bxf6) 25. Bd4 Qc6 {[#]} 26. Ne4 $1 {[%cal Bc3e4,Be4c5,Bc5d7][%mdl 32]} Rc8 $2 (26... Rd8 27. Rc3 Qd5) 27. Rc3 {White is clearly winning.} Qa8 28. Nc5 {[%mdl 64] Discovered Attack} Qb8 29. Nd7+ {[%mdl 64] Double Attack.  Weighted Error Value: White=0.14/Black=0.61} 1-0